000 00314nam a22001457a 4500
003 SGT
020 _a9788123020747
082 _a954
_bRAK
100 _aRAKESH RENU
245 _aBHARAT 2016
250 _a60
260 _aNEW DELHI
_bINFORMATION AND BROADCAST MINISTRY
_c2016
300 _a1032
942 _2ddc
_cBK
999 _c26754
_d26754